Harry Potter organizations - Statistics

General Stats
  • This quiz has been taken 546 times
  • The average score is 20 of 25
Answer Stats
Hint Answer % Correct
Draco Malfoy Inquisitorial Squad
98%
Dean Thomas Dumbledore's Army
93%
Vincent Crabbe Inquisitorial Squad
92%
Albus Dumbledore Order of the Phoenix
91%
Alastor Moody Order of the Phoenix
91%
Cho Chang Dumbledore's Army
90%
Katie Bell Dumbledore's Army
89%
Harry Potter Dumbledore's Army
89%
Lavender Brown Dumbledore's Army
89%
Molly Weasley Order of the Phoenix
89%
Angelina Johnson Dumbledore's Army
88%
Lee Jordan Dumbledore's Army
87%
Millicent Bulstrode Inquisitorial Squad
79%
Pansy Parkinson Inquisitorial Squad
79%
Alicia Spinnet Dumbledore's Army
77%
Dedalus Diggle Order of the Phoenix
74%
Romilda Vane Dumbledore's Army
72%
Alice Longbottom Order of the Phoenix
72%
Anthony Goldstein Dumbledore's Army
69%
Marietta Edgecombe Dumbledore's Army
68%
Zacharias Smith Dumbledore's Army
67%
Graham Montague Inquisitorial Squad
62%
Cassius Warrington Inquisitorial Squad
59%
Nigel Wolpert Dumbledore's Army
53%
Emmeline Vance Order of the Phoenix
38%
No matching quizzes found
Score Distribution
Percent of People with Each Score
Percentile by Number Answered
Your Score History
You have not taken this quiz